[Event "European Blitz Championship 2021"]
[Site "Katowice"]
[Date "2021.12.17"]
[Round "1.1"]
[White "Duda, Jan-Krzysztof"]
[Black "Adamczyk, Zuzanna"]
[Result "1-0"]
[WhiteElo "2756"]
[BlackElo "2035"]
[Annotator "TA"]
[PlyCount "57"]
[EventDate "2021.12.17"]
[EventType "swiss"]
[EventCountry "POL"]
[SourceTitle "playchess.com"]
[Source "ChessBase"]
[SourceQuality "1"]

1. e4 c6 2. Nf3 d5 3. Nc3 dxe4 4. Nxe4 Nf6 5. Qe2 Nxe4 6. Qxe4 Qd5 7. Qe3 Nd7
8. c4 Qd6 9. d4 g6 10. Be2 Bg7 11. O-O Nf6 12. h3 O-O 13. Rd1 h6 14. b3 Be6 15.
Bb2 Rfd8 16. Ne5 Rac8 17. Rd2 Qc7 18. Nxg6 Qd6 19. Ne5 Bf5 20. Bf3 Nd7 21. Rad1
Nxe5 22. dxe5 Qc7 23. Qxa7 Rxd2 24. Rxd2 Bxe5 25. Qe3 Bxb2 26. Rxb2 Qd6 27. Rd2
Qg6 28. Kh2 b5 29. Qxe7 1-0

[Event "European Blitz Championship 2021"]
[Site "Katowice"]
[Date "2021.12.17"]
[Round "1.1"]
[White "Papasimakopoulos, Alexandros"]
[Black "Budkiewicz, Magdalena"]
[Result "1-0"]
[WhiteElo "2394"]
[BlackElo "1624"]
[Annotator "ChessBase"]
[PlyCount "177"]
[EventDate "2021.12.17"]
[EventType "swiss"]
[EventCountry "POL"]
[SourceTitle "playchess.com"]
[Source "ChessBase"]
[SourceQuality "1"]

1. d4 Nf6 2. c4 g6 3. Nc3 Bg7 4. e4 d6 5. f3 O-O 6. Nge2 e5 7. Be3 exd4 8. Nxd4
Nc6 9. Be2 Bd7 10. O-O a6 11. Qd2 Qe7 12. Rac1 Rad8 13. Nxc6 Bxc6 14. Nd5 Bxd5
15. cxd5 Rc8 16. Rc2 Rfe8 17. Rfc1 Qd7 18. Qa5 b6 19. Qd2 Re7 20. Bxa6 Ra8 21.
Bc4 Nh5 22. a3 f5 23. exf5 Qxf5 24. Bd3 Qf7 25. Bg5 Re5 26. Be4 Rc8 27. Be3 Nf6
28. Bxb6 Nxd5 29. Bxd5 Rxd5 30. Qf2 Rb8 31. Be3 Rb7 32. Kh1 Rdb5 33. b4 Rd5 34.
Qh4 Rd3 35. Qd8+ Qf8 36. Bg5 Qxd8 37. Bxd8 Rxa3 38. Bxc7 Be5 39. Rd1 Rxb4 40.
h3 Ra6 41. Rcd2 Rc4 42. Bxd6 Bxd6 43. Rxd6 Rxd6 44. Rxd6 Rc2 45. h4 Kg7 46. Kh2
Ra2 47. Kh3 Ra4 48. Rd7+ Kg8 49. g3 Ra3 50. Kg4 Ra5 51. Rb7 Rd5 52. Kf4 Rf5+
53. Ke4 Ra5 54. g4 Rc5 55. Kf4 Ra5 56. Rc7 Rb5 57. Ke4 Ra5 58. f4 Rb5 59. Ra7
Rc5 60. h5 gxh5 61. g5 Rb5 62. Ra6 h4 63. Rh6 Kg7 64. Rxh4 Ra5 65. Rh6 Rb5 66.
Ra6 Rc5 67. f5 Rb5 68. Ra7+ Kg8 69. Kf4 Rc5 70. Kg4 Rc4+ 71. Kh5 Rc1 72. Ra8+
Kf7 73. Ra7+ Kg8 74. Ra4 Rh1+ 75. Kg4 Rg1+ 76. Kf4 Re1 77. Kg4 Rd1 78. Kf4 Re1
79. Ra7 Re2 80. Rb7 Re1 81. Rc7 Re2 82. f6 Ra2 83. Rg7+ Kh8 84. Kf5 Ra5+ 85.
Kg4 Ra4+ 86. Kh5 Ra1 87. Rb7 Rh1+ 88. Kg4 Rf1 89. Rb8# 1-0

[Event "European Blitz Championship 2021"]
[Site "Katowice"]
[Date "2021.12.17"]
[Round "1.2"]
[White "Hasterok, Lukasz"]
[Black "Balog, Imre"]
[Result "0-1"]
[WhiteElo "1619"]
[BlackElo "2573"]
[Annotator "RC"]
[PlyCount "82"]
[EventDate "2021.12.17"]
[EventType "swiss"]
[EventCountry "POL"]
[SourceTitle "playchess.com"]
[Source "ChessBase"]
[SourceQuality "1"]

1. d4 d5 2. Nf3 Nf6 3. Bf4 c5 4. c3 Nc6 5. e3 Qb6 6. Qb3 c4 7. Qc2 Bf5 8. Qc1
Rc8 9. Nbd2 e6 10. Nh4 Bg6 11. Be2 Be7 12. Nxg6 hxg6 13. h3 Qd8 14. Bf3 Bd6 15.
Bxd6 Qxd6 16. e4 Qe7 17. O-O O-O 18. Re1 dxe4 19. Nxe4 Nd5 20. Qd2 Rfd8 21. Qg5
Qxg5 22. Nxg5 Nf4 23. Be4 Ne7 24. Kh2 b5 25. g3 Nfd5 26. Bxd5 Nxd5 27. Nf3 b4
28. cxb4 Nxb4 29. Rac1 Nd3 30. Ne5 Nxc1 31. Rxc1 Rxd4 32. b3 c3 33. Nc4 Rd3 34.
Ne3 Rd2 35. a4 Rxf2+ 36. Kg1 Rb2 37. Nd1 Rxb3 38. Kf2 c2 39. Ne3 Rb1 40. Rxc2
Rxc2+ 41. Nxc2 Rb2 0-1

[Event "European Blitz Championship 2021"]
[Site "Katowice"]
[Date "2021.12.17"]
[Round "1.2"]
[White "Trzebinski, Patryk"]
[Black "Kjartansson, Gudmundur"]
[Result "0-1"]
[WhiteElo "1617"]
[BlackElo "2382"]
[Annotator "ChessBase"]
[PlyCount "122"]
[EventDate "2021.12.17"]
[EventType "swiss"]
[EventCountry "POL"]
[SourceTitle "playchess.com"]
[Source "ChessBase"]
[SourceQuality "1"]

1. e4 c6 2. d4 d5 3. exd5 cxd5 4. c4 Nf6 5. Nc3 g6 6. Bg5 Bg7 7. Bxf6 Bxf6 8.
cxd5 O-O 9. Bc4 a6 10. a4 Qb6 11. Nge2 Qxb2 12. O-O Bf5 13. a5 Nd7 14. Qa4 b5
15. axb6 Nxb6 16. Qb3 Nxc4 17. Qxc4 Rfc8 18. Qa2 Qb4 19. Qa4 a5 20. Rfc1 Bg5
21. f4 Bf6 22. Rd1 h5 23. Qxb4 axb4 24. Rxa8 Rxa8 25. Nb5 Rb8 26. Nc7 b3 27.
Na6 Rb6 28. Nc5 b2 29. Nc3 b1=Q 30. Nxb1 Rxb1 31. Rxb1 Bxd4+ 32. Kf1 Bxb1 33.
Nb3 Bf6 34. Nd2 Bd3+ 35. Kf2 Bd4+ 36. Kf3 Kg7 37. g4 hxg4+ 38. Kxg4 Bf5+ 39.
Kf3 Bf6 40. Nc4 Bc8 41. d6 exd6 42. Nxd6 Bd7 43. Kg3 Be7 44. Nc4 f6 45. Ne3 Bc6
46. f5 Bd6+ 47. Kh3 Bc5 48. Nc4 gxf5 49. Kg3 Bd5 50. Nd2 Bb4 51. Nf1 Bd6+ 52.
Kh3 Bf4 53. Kh4 Bc4 54. Ng3 Bxg3+ 55. Kxg3 Kg6 56. Kf4 Be2 57. Kg3 Kg5 58. h3
Bh5 59. h4+ Kg6 60. Kf4 Bg4 61. Kg3 Kh5 0-1

[Event "European Blitz Championship 2021"]
[Site "Katowice"]
[Date "2021.12.17"]
[Round "1.3"]
[White "Kovalenko, Igor"]
[Black "Furtak, Joanna"]
[Result "1-0"]
[WhiteElo "2668"]
[BlackElo "1877"]
[Annotator "TA"]
[PlyCount "45"]
[EventDate "2021.12.17"]
[EventType "swiss"]
[EventCountry "POL"]
[SourceTitle "playchess.com"]
[Source "ChessBase"]
[SourceQuality "1"]

1. e4 c5 2. Nf3 Nc6 3. Bb5 g6 4. O-O Bg7 5. c3 e5 6. Bxc6 dxc6 7. d3 Ne7 8. a3
a5 9. Be3 Qd6 10. Nbd2 Qxd3 11. Bxc5 Bg4 12. Qb3 Bxf3 13. Nxf3 b5 14. Rad1 Qxe4
15. Qxf7+ Kxf7 16. Ng5+ Kf6 17. Nxe4+ Kf5 18. f3 Rhe8 19. Rd6 Rac8 20. g4+ Kf4
21. Kf2 Nd5 22. Rxd5 cxd5 23. Be3# 1-0

[Event "European Blitz Championship 2021"]
[Site "Katowice"]
[Date "2021.12.17"]
[Round "1.3"]
[White "Nasuta, Grzegorz"]
[Black "Kucypera, Malgorzata"]
[Result "1-0"]
[WhiteElo "2377"]
[BlackElo "1616"]
[Annotator "NA"]
[PlyCount "66"]
[EventDate "2021.12.17"]
[EventType "swiss"]
[EventCountry "POL"]
[SourceTitle "playchess.com"]
[Source "ChessBase"]
[SourceQuality "1"]

1. e4 c5 2. Nf3 Nc6 3. Bb5 a6 4. Bxc6 dxc6 5. d3 g6 6. Nc3 Bg7 7. h3 Nf6 8. Be3
b6 9. a4 a5 10. Qd2 O-O 11. Bh6 Re8 12. Bxg7 Kxg7 13. O-O Qc7 14. b3 Ba6 15.
Rae1 Rad8 16. e5 Nd5 17. Ne4 Nb4 18. Qc3 e6 19. Nf6 Re7 20. Re4 Nd5 21. Qd2
Nxf6 22. exf6+ Kxf6 23. Qh6 e5 24. Rfe1 Bc8 25. Nxe5 Bf5 26. Ng4+ Bxg4 27. Rxe7
Qxe7 28. Rxe7 Kxe7 29. Qg5+ Ke8 30. Qxg4 Rd6 31. Qc8+ Ke7 32. Qc7+ Ke6 33. Qxb6
Kd5 1-0

[Event "European Blitz Championship 2021"]
[Site "Katowice"]
[Date "2021.12.17"]
[Round "1.4"]
[White "Janeczko, Jakub"]
[Black "Sumets, Andrey"]
[Result "0-1"]
[WhiteElo "2091"]
[BlackElo "2527"]
[Annotator "ChessBase"]
[PlyCount "68"]
[EventDate "2021.12.17"]
[EventType "swiss"]
[EventCountry "POL"]
[SourceTitle "playchess.com"]
[Source "ChessBase"]
[SourceQuality "1"]

1. e4 c5 2. d3 Nc6 3. g3 g6 4. Bg2 Bg7 5. f4 d6 6. Nf3 e5 7. O-O exf4 8. gxf4
Nge7 9. c3 d5 10. Qe2 O-O 11. e5 b6 12. Na3 a5 13. Nb5 a4 14. Nd6 Nf5 15. Nxc8
Rxc8 16. Bd2 Re8 17. Qf2 b5 18. d4 cxd4 19. cxd4 Qb6 20. Bh3 Nce7 21. Rac1 b4
22. Rc5 b3 23. a3 Bf8 24. Rfc1 Rxc5 25. dxc5 Qa6 26. Bf1 Qb7 27. Nd4 Rc8 28.
Nb5 Nc6 29. Qf3 Ncd4 30. Qd3 Nxb5 31. Qxb5 Qxb5 32. Bxb5 Nd4 33. Bd7 Rc7 34. c6
Nf3+ 0-1

[Event "European Blitz Championship 2021"]
[Site "Katowice"]
[Date "2021.12.17"]
[Round "1.4"]
[White "Golsta, Ramona"]
[Black "Spalir, Jernej"]
[Result "0-1"]
[WhiteElo "1609"]
[BlackElo "2368"]
[Annotator "NA"]
[PlyCount "70"]
[EventDate "2021.12.17"]
[EventType "swiss"]
[EventCountry "POL"]
[SourceTitle "playchess.com"]
[Source "ChessBase"]
[SourceQuality "1"]

1. d4 d5 2. Nf3 Nf6 3. Bg5 Ne4 4. Bf4 Bf5 5. e3 Nd7 6. Bd3 e6 7. O-O Be7 8.
Nfd2 O-O 9. f3 Nxd2 10. Nxd2 Re8 11. e4 dxe4 12. fxe4 Bg6 13. c3 c5 14. Nf3
cxd4 15. cxd4 Qb6 16. Qb3 Qxb3 17. axb3 Rec8 18. Rfc1 a6 19. Rxc8+ Rxc8 20. Rc1
Rxc1+ 21. Bxc1 f6 22. Kf2 Nb8 23. Ke3 Nc6 24. d5 Bc5+ 25. Kd2 Nd8 26. dxe6 Nxe6
27. Kc3 b5 28. b4 Bd6 29. Be3 Kf7 30. Nd4 Nxd4 31. Bxd4 Bxh2 32. Bc5 Be5+ 33.
Kb3 Bh5 34. Kc2 Bg4 35. Be2 Bxe2 0-1

[Event "European Blitz Championship 2021"]
[Site "Katowice"]
[Date "2021.12.17"]
[Round "1.5"]
[White "Durarbayli, Vasif"]
[Black "Kutowski, Marcel"]
[Result "1-0"]
[WhiteElo "2629"]
[BlackElo "1936"]
[Annotator "TA"]
[PlyCount "65"]
[EventDate "2021.12.17"]
[EventType "swiss"]
[EventCountry "POL"]
[SourceTitle "playchess.com"]
[Source "ChessBase"]
[SourceQuality "1"]

1. e4 c5 2. b3 Nc6 3. Bb2 d6 4. Bb5 Bd7 5. f4 Nf6 6. Qe2 e6 7. Nf3 a6 8. Bxc6
Bxc6 9. Nc3 Be7 10. O-O-O Qc7 11. d4 cxd4 12. Nxd4 Rc8 13. g4 b5 14. g5 Nd7 15.
Kb1 b4 16. Nd5 exd5 17. exd5 Bxd5 18. Rhe1 Nc5 19. Nf5 Be4 20. Nxg7+ Kf8 21.
Rd4 d5 22. Nh5 Rg8 23. Rxb4 Ne6 24. Rxe4 dxe4 25. Qxe4 Qc6 26. Qxh7 Bb4 27. Rc1
Bd2 28. Rd1 Bxf4 29. Ba3+ Nc5 30. Nf6 Rg7 31. Qh8+ Ke7 32. Qxg7 Rf8 33. Nd5+
1-0

[Event "European Blitz Championship 2021"]
[Site "Katowice"]
[Date "2021.12.17"]
[Round "1.5"]
[White "Gdanski, Jacek"]
[Black "Zarebska, Lena"]
[Result "1-0"]
[WhiteElo "2367"]
[BlackElo "1608"]
[Annotator "NA"]
[PlyCount "27"]
[EventDate "2021.12.17"]
[EventType "swiss"]
[EventCountry "POL"]
[SourceTitle "playchess.com"]
[Source "ChessBase"]
[SourceQuality "1"]

1. e4 c5 2. Nc3 Nc6 3. Nf3 g6 4. Bb5 Nd4 5. Bc4 Bg7 6. Nxd4 cxd4 7. Qf3 Nh6 8.
d3 O-O 9. Ne2 Ng4 10. Bb3 Ne5 11. Qg3 Nc6 12. h4 h5 13. Qxg6 a5 14. Bh6 1-0

[Event "European Blitz Championship 2021"]
[Site "Katowice"]
[Date "2021.12.17"]
[Round "1.6"]
[White "Zarebski, Cezary"]
[Black "Motylev, Alexander"]
[Result "0-1"]
[WhiteElo "1919"]
[BlackElo "2633"]
[Annotator "TA"]
[PlyCount "56"]
[EventDate "2021.12.17"]
[EventType "swiss"]
[EventCountry "POL"]
[SourceTitle "playchess.com"]
[Source "ChessBase"]
[SourceQuality "1"]

1. e4 c6 2. d4 d5 3. e5 c5 4. Nf3 cxd4 5. Bd3 Nc6 6. O-O Bg4 7. Re1 e6 8. Nbd2
Bc5 9. a3 a5 10. h3 Bh5 11. Nf1 Nge7 12. Ng3 Bg6 13. b3 O-O 14. Bb2 Qc7 15.
Bxg6 Nxg6 16. Bxd4 Nxd4 17. Nxd4 Nxe5 18. Rc1 Rac8 19. c3 Ng6 20. Qd2 Bxa3 21.
Nb5 Bxc1 22. Nxc7 Bxd2 23. Rd1 Rxc7 24. Rxd2 Rxc3 25. Rb2 Rfc8 26. b4 a4 27. b5
Rc2 28. Rb4 Ra8 0-1

[Event "European Blitz Championship 2021"]
[Site "Katowice"]
[Date "2021.12.17"]
[Round "1.6"]
[White "Dziendziel, Mateusz"]
[Black "Lubczynski, Rafal"]
[Result "0-1"]
[WhiteElo "1608"]
[BlackElo "2361"]
[Annotator "ChessBase"]
[PlyCount "56"]
[EventDate "2021.12.17"]
[EventType "swiss"]
[EventCountry "POL"]
[SourceTitle "playchess.com"]
[Source "ChessBase"]
[SourceQuality "1"]

1. e4 d6 2. d4 Nf6 3. Nc3 e5 4. dxe5 dxe5 5. Qxd8+ Kxd8 6. Bc4 Be6 7. Bxe6 fxe6
8. f3 Bc5 9. Nge2 Ke7 10. Na4 Bd6 11. Be3 Nc6 12. O-O-O Nd7 13. c4 b6 14. Nac3
a6 15. Rd2 Rhb8 16. Rhd1 h6 17. Kb1 Na5 18. b3 Nb7 19. Nc1 Rd8 20. Nd3 Ndc5 21.
Nb4 Na5 22. Bxc5 bxc5 23. Nc2 Rab8 24. Kc1 Nc6 25. Na4 Nd4 26. Rd3 g5 27. Kd2
Rg8 28. Ke3 Nxc2+ 0-1

[Event "European Blitz Championship 2021"]
[Site "Katowice"]
[Date "2021.12.17"]
[Round "1.7"]
[White "Stefansson, Hannes"]
[Black "Bochniak, Franciszek"]
[Result "1-0"]
[WhiteElo "2519"]
[BlackElo "1651"]
[Annotator "ChessBase"]
[PlyCount "59"]
[EventDate "2021.12.17"]
[EventType "swiss"]
[EventCountry "POL"]
[SourceTitle "playchess.com"]
[Source "ChessBase"]
[SourceQuality "1"]

1. e4 c5 2. Nf3 g6 3. c4 Bg7 4. d4 cxd4 5. Nxd4 Nc6 6. Be3 Nf6 7. Nc3 Ng4 8.
Qxg4 Nxd4 9. Qd1 Ne6 10. Rc1 O-O 11. Be2 d6 12. O-O b6 13. b4 Bb7 14. f3 Rc8
15. Qd2 Qd7 16. a3 Ba6 17. Nb5 Bxb5 18. cxb5 Rxc1 19. Rxc1 Rc8 20. Bc4 Nc7 21.
Qc2 e6 22. Be2 f5 23. Qc6 Qxc6 24. Rxc6 Bf8 25. a4 Kf7 26. a5 bxa5 27. bxa5 Ke7
28. b6 Kd7 29. Rxc7+ Rxc7 30. bxc7 1-0

[Event "European Blitz Championship 2021"]
[Site "Katowice"]
[Date "2021.12.17"]
[Round "1.7"]
[White "Keinanen, Toivo"]
[Black "Lechowski, Witold"]
[Result "1-0"]
[WhiteElo "2358"]
[BlackElo "1607"]
[Annotator "ChessBase"]
[PlyCount "127"]
[EventDate "2021.12.17"]
[EventType "swiss"]
[EventCountry "POL"]
[SourceTitle "playchess.com"]
[Source "ChessBase"]
[SourceQuality "1"]

1. d4 Nf6 2. Nf3 g6 3. Nbd2 d5 4. c4 c5 5. dxc5 dxc4 6. Qa4+ Bd7 7. Qxc4 Nc6 8.
e3 Bg7 9. Be2 O-O 10. O-O Qc7 11. Nb3 Be6 12. Qa4 Ne5 13. Nbd4 Nxf3+ 14. Bxf3
Bd5 15. Bxd5 Nxd5 16. Qc4 Rad8 17. b4 a6 18. Bb2 Rfe8 19. Rad1 e6 20. Ba1 Ne7
21. h3 Nf5 22. Nf3 Bxa1 23. Rxa1 Rd7 24. a4 Rc8 25. Rac1 Ne7 26. Qc3 Nd5 27.
Qb2 Qd8 28. Ne5 Rdc7 29. Ng4 Qf8 30. e4 h5 31. exd5 hxg4 32. d6 Rd7 33. hxg4
Qh6 34. Qd4 Kh7 35. Rc3 Qg7 36. Qxg7+ Kxg7 37. Rfc1 Kf6 38. f4 e5 39. fxe5+
Kxe5 40. Kf2 Kf4 41. Rc4+ Ke5 42. Kf3 f5 43. gxf5 gxf5 44. R4c2 Rh7 45. Rd2 Ke6
46. Re1+ Kd7 47. Re5 Rf8 48. Rdd5 Rh4 49. Rxf5 Rxf5+ 50. Rxf5 Rxb4 51. Rf7+ Kc8
52. g4 Rxa4 53. g5 Rc4 54. g6 Rxc5 55. g7 Rg5 56. Rf8+ Kd7 57. g8=Q Rxg8 58.
Rxg8 Kxd6 59. Ke4 Kc5 60. Kd3 Kb4 61. Kc2 b5 62. Kb2 a5 63. Rg4+ Kc5 64. Kb3
1-0

[Event "European Blitz Championship 2021"]
[Site "Katowice"]
[Date "2021.12.17"]
[Round "1.8"]
[White "Owoc, Jakub"]
[Black "Demchenko, Anton"]
[Result "0-1"]
[WhiteElo "1751"]
[BlackElo "2655"]
[Annotator "TA"]
[PlyCount "46"]
[EventDate "2021.12.17"]
[EventType "swiss"]
[EventCountry "POL"]
[SourceTitle "playchess.com"]
[Source "ChessBase"]
[SourceQuality "1"]

1. e4 e5 2. Nf3 Nc6 3. d4 exd4 4. Nxd4 Nf6 5. Nxc6 bxc6 6. Nc3 Bb4 7. Bd3 O-O
8. O-O d5 9. exd5 cxd5 10. Bg5 c6 11. Qf3 Be7 12. Rfe1 Be6 13. Ne2 h6 14. Bf4
c5 15. Ng3 Qd7 16. h3 Rfe8 17. a4 a6 18. c3 Nh7 19. Bxh7+ Kxh7 20. Qd3+ Kg8 21.
Re2 Bf8 22. Rae1 Qxa4 23. Nf5 Qxf4 0-1

[Event "European Blitz Championship 2021"]
[Site "Katowice"]
[Date "2021.12.17"]
[Round "1.8"]
[White "Czernecki, Andrzej"]
[Black "Diermair, Andreas"]
[Result "0-1"]
[WhiteElo "1602"]
[BlackElo "2357"]
[Annotator "NA"]
[PlyCount "54"]
[EventDate "2021.12.17"]
[EventType "swiss"]
[EventCountry "POL"]
[SourceTitle "playchess.com"]
[Source "ChessBase"]
[SourceQuality "1"]

1. e4 e5 2. Nf3 Nc6 3. Bb5 a6 4. Ba4 Nf6 5. O-O Be7 6. Re1 b5 7. Bb3 O-O 8. c3
d6 9. d3 Na5 10. Bc2 c5 11. Nbd2 Nc6 12. a4 b4 13. Nf1 Re8 14. d4 cxd4 15. cxd4
Bg4 16. dxe5 dxe5 17. h3 Bh5 18. Be3 Rc8 19. Ng3 Bxf3 20. Qxf3 Nd4 21. Bxd4
Qxd4 22. Bd3 Qxb2 23. Bxa6 Rc3 24. Qf5 Bc5 25. Rab1 Qc2 26. Rf1 Qxa4 27. Bb7
Rxg3 0-1

[Event "European Blitz Championship 2021"]
[Site "Katowice"]
[Date "2021.12.17"]
[Round "1.9"]
[White "Laurusas, Tomas"]
[Black "Norkeliunas, Matas"]
[Result "1-0"]
[WhiteElo "2553"]
[BlackElo "1626"]
[Annotator "RC"]
[PlyCount "41"]
[EventDate "2021.12.17"]
[EventType "swiss"]
[EventCountry "POL"]
[SourceTitle "playchess.com"]
[Source "ChessBase"]
[SourceQuality "1"]

1. c4 e6 2. Nf3 d5 3. d4 h6 4. g3 Nf6 5. Bg2 Be7 6. O-O O-O 7. Qc2 Nc6 8. a3
dxc4 9. Qxc4 Qd5 10. Qd3 Rd8 11. Rd1 Qh5 12. Qc2 Qd5 13. Nc3 Qh5 14. Bf4 Bd6
15. Ne5 Bxe5 16. dxe5 Rxd1+ 17. Rxd1 Ng4 18. h3 Ngxe5 19. Bxe5 Qxe5 20. Bxc6
bxc6 21. Rd8# 1-0

[Event "European Blitz Championship 2021"]
[Site "Katowice"]
[Date "2021.12.17"]
[Round "1.9"]
[White "Wisniewski, Adrian"]
[Black "Tchorzewski, Kazimierz"]
[Result "1-0"]
[WhiteElo "2351"]
[BlackElo "1602"]
[Annotator "ChessBase"]
[PlyCount "83"]
[EventDate "2021.12.17"]
[EventType "swiss"]
[EventCountry "POL"]
[SourceTitle "playchess.com"]
[Source "ChessBase"]
[SourceQuality "1"]

1. Nf3 Nf6 2. g3 d5 3. Bg2 c6 4. O-O Nbd7 5. b3 e5 6. d3 Bd6 7. Bb2 O-O 8. Nbd2
Re8 9. e4 d4 10. a4 a6 11. Nc4 Bc7 12. a5 h6 13. h3 c5 14. Bc1 Nb8 15. Bd2 Nc6
16. Nh4 Be6 17. Qe1 Qc8 18. Kh2 Nh7 19. f4 exf4 20. Bxf4 Bxf4 21. gxf4 Bxc4 22.
bxc4 Qd8 23. Qg3 Ne7 24. e5 Qd7 25. Be4 g6 26. Rg1 Kh8 27. Bd5 Nf5 28. Nxf5
Qxf5 29. Bxb7 Rab8 30. Be4 Qe6 31. Rab1 g5 32. f5 Qc8 33. f6 Nf8 34. Rxb8 Qxb8
35. Qg4 Qxe5+ 36. Kh1 Ng6 37. Qh5 Kh7 38. Rf1 Re6 39. Qf3 Kg8 40. Bxg6 fxg6 41.
f7+ Kf8 42. Qa8+ 1-0

[Event "European Blitz Championship 2021"]
[Site "Katowice"]
[Date "2021.12.17"]
[Round "1.10"]
[White "Musial, Igor"]
[Black "Pakleza, Zbigniew"]
[Result "0-1"]
[WhiteElo "1796"]
[BlackElo "2496"]
[Annotator "ChessBase"]
[PlyCount "66"]
[EventDate "2021.12.17"]
[EventType "swiss"]
[EventCountry "POL"]
[SourceTitle "playchess.com"]
[Source "ChessBase"]
[SourceQuality "1"]

1. e4 d6 2. d4 Nf6 3. Nc3 c6 4. Be3 Qb6 5. Qd2 Qxb2 6. Rb1 Qa3 7. Bd3 e5 8. d5
Qa5 9. Nge2 Be7 10. O-O O-O 11. dxc6 bxc6 12. Nd5 Qd8 13. Nxe7+ Qxe7 14. f3 Be6
15. c4 c5 16. Nc3 Nc6 17. Nd5 Bxd5 18. exd5 Nd4 19. Bxd4 cxd4 20. Qb4 Nd7 21.
Qd2 Nc5 22. Rfe1 Rfb8 23. Qc2 g6 24. a3 Rb6 25. Rb4 Rab8 26. Reb1 Kg7 27. Bf1
Qg5 28. Rxb6 Rxb6 29. Rxb6 axb6 30. Qb2 Qe3+ 31. Kh1 d3 32. Qb1 d2 33. Qd1 Qe1
0-1

[Event "European Blitz Championship 2021"]
[Site "Katowice"]
[Date "2021.12.17"]
[Round "1.10"]
[White "Widelski, Kacper"]
[Black "Szwed, Jacek"]
[Result "0-1"]
[WhiteElo "1600"]
[BlackElo "2346"]
[Annotator "NA"]
[PlyCount "44"]
[EventDate "2021.12.17"]
[EventType "swiss"]
[EventCountry "POL"]
[SourceTitle "playchess.com"]
[Source "ChessBase"]
[SourceQuality "1"]

1. c4 c5 2. g3 g6 3. Bg2 Bg7 4. Nc3 Nc6 5. d3 e5 6. e3 Nge7 7. Nge2 O-O 8. O-O
d6 9. a3 Be6 10. Nd5 Qd7 11. Rb1 Bh3 12. b4 Bxg2 13. Kxg2 Nxd5 14. cxd5 Ne7 15.
e4 b6 16. Bd2 f5 17. f3 Rf7 18. bxc5 dxc5 19. Qb3 Nc8 20. Nc3 Nd6 21. Nd1 c4
22. dxc4 fxe4 0-1

[Event "European Blitz Championship 2021"]
[Site "Katowice"]
[Date "2021.12.17"]
[Round "1.11"]
[White "Schneider, Ilja"]
[Black "Mirowska, Oliwia"]
[Result "1-0"]
[WhiteElo "2486"]
[BlackElo "1832"]
[Annotator "ChessBase"]
[PlyCount "47"]
[EventDate "2021.12.17"]
[EventType "swiss"]
[EventCountry "POL"]
[SourceTitle "playchess.com"]
[Source "ChessBase"]
[SourceQuality "1"]

1. e4 c6 2. d4 g6 3. Nc3 Bg7 4. Nf3 d5 5. Bf4 dxe4 6. Nxe4 Nf6 7. Nxf6+ exf6 8.
Be2 O-O 9. h3 Be6 10. O-O Nd7 11. c3 Nb6 12. Re1 Qd7 13. Nd2 Rad8 14. Ne4 Nd5
15. Nc5 Qc8 16. Bh2 Bf5 17. Qd2 b6 18. Ba6 bxc5 19. Bxc8 Bxc8 20. dxc5 h5 21.
Bd6 Rfe8 22. Rxe8+ Rxe8 23. Re1 Be6 24. c4 1-0

[Event "European Blitz Championship 2021"]
[Site "Katowice"]
[Date "2021.12.17"]
[Round "1.11"]
[White "Druckenthaner, Andreas"]
[Black "Zabrzanska, Weronika"]
[Result "0-1"]
[WhiteElo "2346"]
[BlackElo "1596"]
[Annotator "ChessBase"]
[PlyCount "60"]
[EventDate "2021.12.17"]
[EventType "swiss"]
[EventCountry "POL"]
[SourceTitle "playchess.com"]
[Source "ChessBase"]
[SourceQuality "1"]

1. e4 e5 2. Nf3 Nc6 3. Nc3 Nf6 4. a3 d6 5. d4 Bg4 6. d5 Nd4 7. Be2 Bxf3 8. Bxf3
Nxf3+ 9. Qxf3 Be7 10. Qg3 O-O 11. Bh6 Nh5 12. Qg4 Kh8 13. Qxh5 gxh6 14. Qxh6 f5
15. f3 c6 16. O-O f4 17. Kh1 Bg5 18. Qe6 Rf6 19. Qg4 Rh6 20. dxc6 bxc6 21. Rad1
Qe7 22. g3 Rf8 23. Rg1 fxg3 24. Rxg3 Bf4 25. Rh3 Rg8 26. Qf5 Rg5 27. Qc8+ Rg8
28. Qf5 Rg5 29. Qc8+ Rg8 30. Qf5 Rg5 0-1

[Event "European Blitz Championship 2021"]
[Site "Katowice"]
[Date "2021.12.17"]
[Round "1.12"]
[White "Blaszczak, Karol"]
[Black "Tazbir, Marcin"]
[Result "0-1"]
[WhiteElo "1742"]
[BlackElo "2508"]
[Annotator "ChessBase"]
[PlyCount "58"]
[EventDate "2021.12.17"]
[EventType "swiss"]
[EventCountry "POL"]
[SourceTitle "playchess.com"]
[Source "ChessBase"]
[SourceQuality "1"]

1. e4 c5 2. Nf3 d6 3. d4 Nf6 4. Nc3 cxd4 5. Nxd4 a6 6. Be2 e5 7. Nb3 Be7 8. O-O
O-O 9. Kh1 Nbd7 10. f4 b5 11. fxe5 Nxe5 12. Bg5 Bb7 13. Bxf6 Bxf6 14. Nd5 Bg5
15. Nd4 g6 16. Nf3 Nxf3 17. Rxf3 Rc8 18. c3 Rc5 19. a4 Bxd5 20. exd5 bxa4 21.
Rxa4 a5 22. b4 axb4 23. cxb4 Rc8 24. b5 Rc1 25. Rb3 Rxd1+ 26. Bxd1 Qb6 27. Ra6
Qd4 28. Bf3 Re8 29. Rb1 Qd3 0-1

[Event "European Blitz Championship 2021"]
[Site "Katowice"]
[Date "2021.12.17"]
[Round "1.12"]
[White "Orlik, Sandra"]
[Black "Kosakowski, Jakub"]
[Result "0-1"]
[WhiteElo "1596"]
[BlackElo "2340"]
[Annotator "NA"]
[PlyCount "62"]
[EventDate "2021.12.17"]
[EventType "swiss"]
[EventCountry "POL"]
[SourceTitle "playchess.com"]
[Source "ChessBase"]
[SourceQuality "1"]

1. e4 c5 2. Nf3 a6 3. d4 cxd4 4. Nxd4 Nf6 5. Bd3 e5 6. Nb3 Nc6 7. O-O Be7 8.
Nc3 O-O 9. Kh1 d6 10. f4 b5 11. Nd5 h6 12. c3 Be6 13. Bc2 Rc8 14. Nxf6+ Bxf6
15. f5 Bc4 16. Rf3 d5 17. exd5 Qxd5 18. Rg3 Qxd1+ 19. Bxd1 Kh7 20. Bf3 Ne7 21.
Be4 Rfd8 22. Be3 Bd3 23. Bxd3 Rxd3 24. Rf1 Rcd8 25. Bc5 Rd1 26. Rgf3 R8d3 27.
Bxe7 Bxe7 28. Kg1 a5 29. Nc1 Bc5+ 30. Kh1 Rxf3 31. gxf3 Rxf1+ 0-1